000 00594nam a2200205 4500
003 OSt
005 20260530115310.0
008 260508b19861987uxx||||| |||| 00| 0 eng d
040 _aICI
_bspa
_cICI
041 _aeng
050 _aNK1390
_bI58 1977
245 1 0 _aInternational Design Conference in Aspen
_bThe Invisible City
264 1 _aUSA
_bWalker Art Center USA
_c1987
300 _a66 páginas:
_bilustraciones
336 _atexto
_2rdacontent
337 _asin medio
_2rdamedia
338 _avolumen
_2rdacarrier
700 _aFriedman, Mildred S,
_eeditor
_932741
942 _2lcc
_cBK
_n1
999 _c13327
_d13327